<?xml version="1.0" encoding="UTF-8"?>
<marc:record xmlns:marc="http://www.loc.gov/MARC21/slim">
   <marc:leader>00000nam a2200000 a 4500</marc:leader>
   <marc:datafield ind1="1" ind2=" " tag="100">
      <marc:subfield code="a">Klemsch, Michael</marc:subfield>
      <marc:subfield code="4">aut</marc:subfield>
      <marc:subfield code="e">Verfasser/-in</marc:subfield>
   </marc:datafield>
   <marc:datafield ind1=" " ind2=" " tag="653">
      <marc:subfield code="a">Gewicht</marc:subfield>
   </marc:datafield>
   <marc:datafield ind1=" " ind2=" " tag="653">
      <marc:subfield code="a">Jojo-Effekt</marc:subfield>
   </marc:datafield>
   <marc:datafield ind1=" " ind2=" " tag="653">
      <marc:subfield code="a">Body Positivity</marc:subfield>
   </marc:datafield>
   <marc:datafield ind1=" " ind2=" " tag="653">
      <marc:subfield code="a">Ernährung</marc:subfield>
   </marc:datafield>
   <marc:datafield ind1=" " ind2=" " tag="653">
      <marc:subfield code="a">Eigenwahrnehmung</marc:subfield>
   </marc:datafield>
   <marc:datafield ind1=" " ind2=" " tag="653">
      <marc:subfield code="a">Fremdwahrnehmung</marc:subfield>
   </marc:datafield>
   <marc:datafield ind1=" " ind2=" " tag="653">
      <marc:subfield code="a">Softcover / Ratgeber/Gesundheit/Ernährung</marc:subfield>
   </marc:datafield>
   <marc:datafield ind1="0" ind2="0" tag="245">
      <marc:subfield code="a">Micky halbiert sich (nicht)</marc:subfield>
   </marc:datafield>
   <marc:datafield ind1="0" ind2="0" tag="245">
      <marc:subfield code="b">Der ewige Kampf mit den Kilos und den Emotionen</marc:subfield>
   </marc:datafield>
   <marc:datafield ind1="0" ind2="0" tag="245">
      <marc:subfield code="c">Michael Klemsch</marc:subfield>
   </marc:datafield>
   <marc:datafield ind1=" " ind2="1" tag="264">
      <marc:subfield code="a">Wien</marc:subfield>
      <marc:subfield code="b">Kremayr &amp; Scheriau</marc:subfield>
      <marc:subfield code="c">2019</marc:subfield>
   </marc:datafield>
   <marc:datafield ind1="1" ind2=" " tag="520">
      <marc:subfield code="a">Angaben aus der Verlagsmeldung

Micky halbiert sich (nicht) : Der ewige Kampf mit den Kilos und den Emotionen / von Michael Klemsch

Als Kind war Micky Klemsch ein agiles Kerlchen,als Jugendlicher und junger ErwachsenerLeistungssportler. Mit 38 Jahren wog erdann etwas über 200 Kilogramm. Wie konntees so weit kommen? Und: was nun? Klemschsagt den Pfunden den Kampf an, doch ist seinZiel, noch einmal unter hundert Kilo zu wiegen,realistisch?Offen und ungefiltert erzählt Klemsch davon,was es heißt, sich als dicker Mensch in einerWelt der Oberflächen zu bewegen. Er hat ameigenen Leib erfahren, wie sehr einem der Jojo-Effekt zusetzt. Er steht dazu, dass Leibesfülleund Eitelkeit einander nicht ausschließen. Ermuss feststellen, was zu viele Kilos mit derGesundheit machen. Er nimmt unter großemWiderhall der Öffentlichkeit an einer TV-Showrund ums Abnehmen teil, fühlt sich aber in derTherme im Bademantel unwohl. Er setzt sichnicht nur mit unzähligen Ernährungskonzeptenauseinander, sondern auch mit den eigenenHoffnungen und dem Scheitern. Denn dies istkeine Erfolgsgeschichte. Aber eine ehrliche Geschichte
</marc:subfield>
   </marc:datafield>
   <marc:datafield ind1=" " ind2=" " tag="020">
      <marc:subfield code="a">9783218011594</marc:subfield>
      <marc:subfield code="9">9783218011594</marc:subfield>
   </marc:datafield>
   <marc:datafield ind1=" " ind2=" " tag="020">
      <marc:subfield code="a">3218011590</marc:subfield>
      <marc:subfield code="9">3218011590</marc:subfield>
   </marc:datafield>
   <marc:datafield ind1=" " ind2=" " tag="041">
      <marc:subfield code="a">ger</marc:subfield>
   </marc:datafield>
   <marc:datafield ind1=" " ind2=" " tag="300">
      <marc:subfield code="a">192 Seiten</marc:subfield>
   </marc:datafield>
</marc:record>
